Les stations de la ligne 8 du métro parisien - Mort subite - Statistiques

Statistiques générales
  • Ce quiz a été pris 187 fois
  • Le résultat moyen est 10 sur 18
Answers on the Grid
Answers color-coded by a green-red scale on the quiz's grid according to % correct below.
Créteil - L'Échat
Créteil - Pompadour
Créteil - Université
Saint-Maur - Créteil
Créteil - Préfecture
Maisons-Alfort - Alfortville
Maisons-Alfort- Stade
Le Vert de Maisons
École Vétérinaire de Maisons-Alfort
Barbès - Rochechouart
École Militaire
Sèvres - Lecourbe
Strasbourg - Saint-Denis
Réaumur - Sébastopol
Madeleine
Pyramides
Opéra
Havre - Caumartin
Boucicaut
Jasmin
Commerce
Charles Michels
Bastille
Gare de Lyon
Montgallet
Montparnasse - Bienvenüe
Filles du Calvaire
Couronnes
La Tour-Maubourg
Cardinal Lemoine
Bonne Nouvelle
Alexandre Dumas
Daumesnil
Dugommier
Porte de Charenton
Porte de Choisy
 
Statistiques - réponses
Réponse % Correct
Madeleine
62%
Créteil - Université
61%
Filles du Calvaire
61%
École Militaire
60%
Créteil - L'Échat
59%
École Vétérinaire de Maisons-Alfort
57%
Créteil - Préfecture
56%
Maisons-Alfort- Stade
56%
Strasbourg - Saint-Denis
54%
Porte de Charenton
52%
Bonne Nouvelle
50%
Opéra
50%
Daumesnil
48%
Bastille
46%
Boucicaut
46%
La Tour-Maubourg
46%
Montgallet
46%
Commerce
45%
Aucun quiz correspondant
Distribution des résultats
% des personnes avec chaque résultat
Percentile par nombre de réponses
Votre historique - résultats
Vous n’avez pas pris ce quiz